<?xml version="1.0" encoding="UTF-8"?><?xml-stylesheet type="text/xsl" href="static/style.xsl"?><OAI-PMH xmlns="http://www.openarchives.org/OAI/2.0/" xmlns:xsi="http://www.w3.org/2001/XMLSchema-instance" xsi:schemaLocation="http://www.openarchives.org/OAI/2.0/ http://www.openarchives.org/OAI/2.0/OAI-PMH.xsd"><responseDate>2026-04-17T01:31:54Z</responseDate><request verb="GetRecord" identifier="oai:www.recercat.cat:2117/440832" metadataPrefix="marc">https://recercat.cat/oai/request</request><GetRecord><record><header><identifier>oai:recercat.cat:2117/440832</identifier><datestamp>2025-09-19T19:53:35Z</datestamp><setSpec>com_2072_1033</setSpec><setSpec>col_2072_452951</setSpec></header><metadata><record xmlns="http://www.loc.gov/MARC21/slim" xmlns:dcterms="http://purl.org/dc/terms/" xmlns:xsi="http://www.w3.org/2001/XMLSchema-instance" xmlns:doc="http://www.lyncode.com/xoai" xsi:schemaLocation="http://www.loc.gov/MARC21/slim http://www.loc.gov/standards/marcxml/schema/MARC21slim.xsd">
   <leader>00925njm 22002777a 4500</leader>
   <datafield ind2=" " ind1=" " tag="042">
      <subfield code="a">dc</subfield>
   </datafield>
   <datafield ind2=" " ind1=" " tag="720">
      <subfield code="a">Iranzo Aixalà, Carla</subfield>
      <subfield code="e">author</subfield>
   </datafield>
   <datafield ind2=" " ind1=" " tag="260">
      <subfield code="c">2025-06-16</subfield>
   </datafield>
   <datafield ind2=" " ind1=" " tag="520">
      <subfield code="a">L’heterogeneïtat de l’efecte del tractament és un aspecte clau en el context dels assajos clínics i la medicina personalitzada. Aquesta fa referència a la variabilitat en la resposta als tractaments entre diferents individus o subgrups de pacients. Comprendre i identificar aquesta heterogeneïtat permet dissenyar intervencions més eficaces i adaptades a les característiques de cada pacient, tot millorant l’eficiència terapèutica i reduint riscos innecessaris. Aquest treball té com a objectiu principal avaluar i comparar diferents metodologies estadístiques que permeten estimar l’efecte individual del tractament (PITE) en assaigs clínics aleatoritzats i, en conseqüència, avaluar l’heterogeneïtat de l’efecte del tractament entre individus. Per tal de dur-ho a terme, s’han seleccionat quatre mètodes representatius: la imputació múltiple paramètrica, els arbres de decisió (RDT), els boscos aleatoris i els boscos causals. Aquests mètodes han estat escollits tant per la seva rellevància teòrica com per la seva aplicació creixent en contextos mèdics i biomètrics. La metodologia emprada inclou, en primer lloc, una revisió bibliogràfica detallada per establir les bases conceptuals de cada mètode. A continuació, es procedeix a la seva implementació en llenguatge R, assegurant la reproductibilitat dels càlculs i la comparació entre mètodes dins d’un mateix marc experimental. S’han realitzat simulacions que permeten reproduir diferents escenaris de generació de l’efecte del tractament: efecte del tractament constant en tots els individus, efecte dependent de covariables, i efecte completament aleatori. Aquestes simulacions permeten analitzar la capacitat de cada mètode per detectar i quantificar l’heterogeneïtat en condicions controlades. A més, el projecte també inclou una aplicació pràctica amb dades reals extretes d’un estudi clínic, per tal d’il·lustrar la utilitat i limitacions dels mètodes en un context real. L’aportació principal d’aquest treball és proporcionar una visió comparativa, clara i aplicada de diferents estratègies estadístiques per avaluar l’heterogeneïtat del tractament, posant especial èmfasi en la seva interpretabilitat, flexibilitat i viabilitat computacional. Aquesta anàlisi pretén servir de guia per a investigadors i professionals clínics interessats a incorporar estimacions individualitzades en els seus estudis, i afavoreix el desenvolupament de pràctiques més ajustades a les necessitats de cada pacient.</subfield>
   </datafield>
   <datafield ind1="8" ind2=" " tag="024">
      <subfield code="a">http://hdl.handle.net/2117/440832</subfield>
   </datafield>
   <datafield tag="653" ind2=" " ind1=" ">
      <subfield code="a">Àrees temàtiques de la UPC::Matemàtiques i estadística</subfield>
   </datafield>
   <datafield tag="653" ind2=" " ind1=" ">
      <subfield code="a">Clinical trials -- Statistical methods</subfield>
   </datafield>
   <datafield tag="653" ind2=" " ind1=" ">
      <subfield code="a">Personalized medicine</subfield>
   </datafield>
   <datafield tag="653" ind2=" " ind1=" ">
      <subfield code="a">heterogeneïtat</subfield>
   </datafield>
   <datafield tag="653" ind2=" " ind1=" ">
      <subfield code="a">assaig clínic</subfield>
   </datafield>
   <datafield tag="653" ind2=" " ind1=" ">
      <subfield code="a">efecte individualitzat del tractament</subfield>
   </datafield>
   <datafield tag="653" ind2=" " ind1=" ">
      <subfield code="a">simulació</subfield>
   </datafield>
   <datafield tag="653" ind2=" " ind1=" ">
      <subfield code="a">imputació múltiple</subfield>
   </datafield>
   <datafield tag="653" ind2=" " ind1=" ">
      <subfield code="a">arbres de decisió</subfield>
   </datafield>
   <datafield tag="653" ind2=" " ind1=" ">
      <subfield code="a">boscos aleatoris</subfield>
   </datafield>
   <datafield tag="653" ind2=" " ind1=" ">
      <subfield code="a">boscos causals.</subfield>
   </datafield>
   <datafield tag="653" ind2=" " ind1=" ">
      <subfield code="a">Assaigs clínics -- Mètodes estadístics</subfield>
   </datafield>
   <datafield tag="653" ind2=" " ind1=" ">
      <subfield code="a">Medicina personalitzada</subfield>
   </datafield>
   <datafield tag="653" ind2=" " ind1=" ">
      <subfield code="a">Classificació AMS::62 Statistics::62P Applications</subfield>
   </datafield>
   <datafield tag="653" ind2=" " ind1=" ">
      <subfield code="a">Classificació AMS::62 Statistics::62J Linear inference, regression</subfield>
   </datafield>
   <datafield ind2="0" ind1="0" tag="245">
      <subfield code="a">Avaluació de l'heterogeneïtat de l'efecte del tractament en assaigs clínics</subfield>
   </datafield>
</record></metadata></record></GetRecord></OAI-PMH>